000 00610nam a2200241Ia 4500
003 OSt
005 20221005070238.0
006 a|||||r|||| 00| 0
007 ta
008 221004b |||||||| |||| 00| 0 eng d
024 _a37984
037 _cTextual
040 _aCRL
_cCRL
_beng
041 _2eng
_aeng
082 _a/\25, J6
100 _aVaradachari K C
_9605534
245 0 _aAspects of Bhakti
260 _aMysore
_bUniversity of Mysore
_c1956
300 _a86p
_ccm.
650 _aSPIRITUALISM
942 _h/\25, J6
_cTEXL
_2cc
999 _c975963
_d975963